000 00281nam a2200121Ia 4500
008 220120s9999||||xx |||||||||||||| ||und||
020 _a9789810833428
082 _a621.381 GOD
100 _aGodse, A.P
_91195
245 0 _aElectronic circuits
260 _bSingapore
300 _b0
999 _c136518
_d136518